| 000 | 00850nam a2200217Ia 4500 | ||
|---|---|---|---|
| 999 |
_c34836 _d34836 |
||
| 001 | 647 | ||
| 003 | GE_BSU | ||
| 005 | 20220921104218.0 | ||
| 008 | 181216s2002||||ge |||||||||||||| ||geo|| | ||
| 040 | _cGE_BSU | ||
| 041 | _ageo | ||
| 080 | _a591.615+581.5+574.3 კ–75 | ||
| 100 |
_aკოპალიანი, ნ. _914655 |
||
| 245 |
_aშესავალი კონსერვაციულ ბიოლოგიაში / _cნათია კოპალიანი; [რედ.: იასონ ბადრიძე]. |
||
| 264 |
_aთბილისი, _c2002. |
||
| 300 |
_a157გვ.: _bსურ. ; _c23 სმ. |
||
| 504 | _aბიბლიოგრ.: გვ. 155-157. | ||
| 653 | _aკონსერვაციული ბიოლოგია | ||
| 653 | _aცხოველთა დაცვა | ||
| 942 |
_cBK _2udc |
||